000 00569nam a2200157 a 4500
008 210225s1994 ||||||||||||||||| || u
020 _a1565100751
050 _aTD 176 Pol
100 _aCozic P.Charles
245 1 0 _aPollution: Current Controversies
_cEdited by Charles P.Cozic
260 _aUSA
_bGreenhaven Press
_c1994
300 _a224 pages : illustrations
350 _a7.00
650 _aPOLLUTION
995 _FCBU-MAIN LIBRARY (Kitwe)
_I7.00
_M1
_UAVAILABLE
_WMar 11, 2021
_ZMain Library Open Access Collection
999 _c53972
_d53972